Management & Organizational Behaviour (Record no. 95477)

MARC details
000 -LEADER
fixed length control field 00644nam a2200241Ia 4500
005 - DATE AND TIME OF LATEST TRANSACTION
control field 20230426225552.0
008 - FIXED-LENGTH DATA ELEMENTS--GENERAL INFORMATION
fixed length control field 230125s9999 xx 000 0 und d
020 ## - INTERNATIONAL STANDARD BOOK NUMBER
International Standard Book Number 978-93-325-7120-4
041 ## - LANGUAGE CODE
Language code of text/sound track or separate title eng
082 ## - DEWEY DECIMAL CLASSIFICATION NUMBER
Classification number 302.35
Item number MUL
100 ## - MAIN ENTRY--PERSONAL NAME
Author Mullins L J
245 ## - TITLE STATEMENT
Title Management & Organizational Behaviour
250 ## - EDITION STATEMENT
Edition statement 10th Ed.
260 ## - PUBLICATION, DISTRIBUTION, ETC.
Date of publication, distribution, etc. 2016
Name of publisher, distributor, etc. Pearson Education
Place of publication, distribution, etc. Uttar Pradesh
300 ## - PHYSICAL DESCRIPTION
Extent 814p
Dimensions Paper Back
440 ## - SERIES STATEMENT/ADDED ENTRY--TITLE
Volume/sequential designation 2
500 ## - GENERAL NOTE
Keywords Organizational Behaviour<br/>
650 ## - SUBJECT ADDED ENTRY--TOPICAL TERM
Topical term or geographic name entry element Organizational Behaviour
700 ## - ADDED ENTRY--PERSONAL NAME
Personal name Mullins L J & Christy G
942 ## - ADDED ENTRY ELEMENTS (KOHA)
Koha item type Books
906 ## - LOCAL DATA ELEMENT F, LDF (RLIN)
b 27
Holdings
Withdrawn status Lost status Damaged status Not for loan Home library Current library Date acquired Vendor Net Price Bill number Total Checkouts Full call number Barcode Date last seen Actual Price Bill Date Koha item type Original Barcode
        Smt. Hiraben Nanavati Institute of Management & Research for Women Smt. Hiraben Nanavati Institute of Management & Research for Women 10/02/2019 Pritam Book Centre 899.00 10761   302.35 MUL B17981 HIMR-BK-17981 25/01/2023 872.00 09/02/2019 Books B17981
        Smt. Hiraben Nanavati Institute of Management & Research for Women Smt. Hiraben Nanavati Institute of Management & Research for Women 10/02/2019 Pritam Book Centre 899.00 10761   302.35 MUL B17982 HIMR-BK-17982 25/01/2023 872.00 09/02/2019 Books B17982